[Event "Indywidualne Mistrzostwa Polski do lat 20"]
[Site "Pokrzywna"]
[Date "1899-12-30"]
[Round "9.34"]
[White "Topola, Rafal"]
[Black "Czak, Dominik"]
[Result "1/2-1/2"]
[WhiteTitle "I"]
[BlackTitle "II"]
[WhiteElo "1827"]
[BlackElo "1267"]

1. e4 c6 2. d4 d5 3. Nd2 dxe4 4. Nxe4 Nf6 5. Nxf6+ gxf6 6. Nf3 Bg4 7. Be2 e6 8.
c3 Bd6 9. Be3 Nd7 10. Qc2 Qc7 11. h3 Bf5 12. Bd3 Bg6 13. O-O-O O-O-O 14. h4 Bh5
15. Rdg1 Bxf3 16. gxf3 f5 17. c4 Bf4 18. Qd2 Bxe3 19. fxe3 Nf6 20. Qh2 f4 21.
Rg7 Rd7 22. Re1 fxe3 23. Qxc7+ Kxc7 24. Rxe3 Nh5 25. Rg5 Nf4 26. Rg7 Nh5 27. Rxh7
Rxh7 28. Bxh7 Nf6 29. Be4 Rxd4 30. b3 Kd7 31. Kc2 Ke7 32. Rd3 e5 33. Rxd4 exd4
34. c5 Ke6 35. Kd3 Ke5 36. b4 Nh5 37. Kc4 Nf6 38. Bc2 Nd5 39. a3 Ne3+ 40. Kd3
Ng2 41. Bb3 Nxh4 42. Bxf7 Nxf3 43. Bh5 Ng5 44. Bg4 Nf7 45. Bc8 Nd8 1/2-1/2

[Event "Indywidualne Mistrzostwa Polski do lat 20"]
[Site "Pokrzywna"]
[Date "1899-12-30"]
[Round "9.35"]
[White "Boryna, Szymon"]
[Black "Kowalczyk, Jakub"]
[Result "1-0"]
[WhiteTitle "II"]
[BlackTitle "II"]
[WhiteElo "1107"]
[BlackElo "1200"]

1. d4 d5 2. c4 e6 3. Nc3 Nf6 4. Bg5 Nbd7 5. e3 Be7 6. Nf3 O-O 7. Bd3 h6 8. Bh4
b6 9. O-O Bb7 10. cxd5 Nxd5 11. Bxe7 Qxe7 12. Qe2 Nb4 13. Be4 Ba6 14. Qd1 Bxf1
15. Bxa8 Bxg2 16. Kxg2 Rxa8 17. Qb3 Nf6 18. Ne5 Nfd5 19. a3 Nxc3 20. bxc3 Nd5
21. c4 Nf6 22. Qb4 Qd6 23. Rb1 Nd7 24. Qxd6 cxd6 25. Nxd7 Rd8 26. Nxb6 axb6 27.
Rxb6 Rc8 28. Rxd6 Rxc4 29. Ra6 Kf8 30. a4 Ke7 31. a5 Rc7 32. Kf3 Kd7 33. Ke4 f6
34. Rb6 g5 35. a6 h5 36. f4 g4 37. f5 e5 38. Rb7 h4 39. dxe5 fxe5 40. f6 h3 41.
f7 g3 42. f8=Q g2 43. Qf7+ Kd6 44. Qd5+ Ke7 45. Rxc7+ Kf6 46. Qd6+ Kg5 47. Rg7+
Kh4 48. Qh6# 1-0

[Event "Indywidualne Mistrzostwa Polski do lat 20"]
[Site "Pokrzywna"]
[Date "1899-12-30"]
[Round "9.36"]
[White "Krawczyk, Eryk"]
[Black "Durzynski, Jan"]
[Result "1/2-1/2"]
[WhiteTitle "III"]
[BlackTitle "II+"]
[WhiteElo "1233"]
[BlackElo "1266"]

1. d4 d5 2. c4 e6 3. Nc3 Nf6 4. Bg5 Be7 5. Nf3 O-O 6. e3 h6 7. Bh4 b6 8. Be2 Bb7
9. cxd5 Nxd5 10. Nxd5 Bxd5 11. Bxe7 Qxe7 12. O-O Nd7 13. b3 c5 14. dxc5 Nxc5 15.
Qb1 Rfd8 16. Qb2 Rac8 17. Rfd1 Be4 18. Rxd8+ Rxd8 19. Rd1 Nd3 20. Bxd3 Rxd3 21.
Rxd3 Bxd3 22. h3 a5 23. Ne5 Ba6 24. Nc4 Qd7 25. f3 Qc7 26. Qe5 Qxe5 27. Nxe5 b5
28. a3 Kf8 29. b4 axb4 30. axb4 Ke7 31. e4 f6 32. Nd3 Kd6 33. Kf2 f5 34. Ke3 g5
35. Kd4 Bb7 36. Ne5 Ke7 37. Nd3 fxe4 38. fxe4 h5 39. Nf2 Bc6 40. g3 Kd6 41. Nd3
Ke7 42. h4 Kf6 43. Ne5 gxh4 44. gxh4 1/2-1/2